000 00335nam a22001337a 4500
003 OSt
005 20160727222454.0
008 160705b xxu||||| |||| 00| 0 eng d
100 _92131
_a Stuart, J
245 _aMr. Gallion's School
260 _aN.Y
_b Mc Graw Hill Book Com
_c1961
300 _aMr. Gallion's School
942 _2ddc
_cBK
999 _c1826
_d1826